[Event "FRA-ch Blitz Online Qual"]
[Site "Europe Echecs INT"]
[Date "2020.05.16"]
[Round "10"]
[White "Hegedus, Pascal"]
[Black "Lamblain, Nicolas"]
[Result "0-1"]
[WhiteElo "1283"]
[BlackElo "1645"]
[PlyCount "140"]
[EventDate "2020.05.16"]
[EventType "swiss (blitz)"]
[EventRounds "15"]
[EventCountry "FRA"]
[SourceTitle "CBM 196 Extra"]
[Source "ChessBase"]
[SourceDate "2020.07.31"]
[SourceVersion "1"]
[SourceVersionDate "2020.07.31"]
[SourceQuality "1"]

1. e4 c5 2. Nf3 d6 3. d4 cxd4 4. Nxd4 Nf6 5. Nc3 a6 6. Be3 e5 7. Nb3 Be7 8. f3 Be6 9. Qd2 d5 10. exd5 Nxd5 11. Nxd5 Qxd5 12. Qxd5 Bxd5 13. 0-0-0 Be6 14. Bb6 Nd7 15. Bf2 Rc8 16. Bd3 f6 17. Kb1 Kf7 18. g4 h6 19. h4 Rhd8 20. h5 Kf8 21. Bg6 Nc5 22. Rxd8+ Bxd8 23. Bxc5+ Kg8 24. Bb6 Bxb6 25. Rd1 Rd8 26. Rxd8+ Bxd8 27. Nc5 Bd5 28. b3 Bxf3 29. Ne6 Be7 30. a4 b5 31. axb5 axb5 32. Kb2 Bxg4 33. Nc7 b4 34. Nd5 Bd6 35. c3 bxc3+ 36. Kxc3 Kf8 37. b4 Be6 38. Nb6 Ke7 39. b5 f5 40. Nc4 Bb8 41. Kb4 f4 42. Be4 Kf6 43. Kc5 Kg5 44. Na5 Kxh5 45. Nc6 Bc7 46. b6 Bxb6+ 47. Kxb6 Bg4 48. Nxe5 g5 49. Kc5 Kh4 50. Kd4 Kg3 51. Kd3 h5 52. Nxg4 Kxg4 53. Ke2 h4 54. Kf2 h3 55. Bf3+ Kh4 56. Kg1 g4 57. Bc6 g3 58. Bf3 Kg5 59. Kh1 Kf5 60. Kg1 Ke5 61. Kf1 Kd4 62. Kg1 Ke3 63. Ba8 f3 64. Bb7 f2+ 65. Kf1 g2+ 66. Bxg2 hxg2+ 67. Kxg2 Ke2 68. Kg3 f1Q 69. Kg4 Qf6 70. Kg3 Qf5 0-1

[Event "FRA-ch Blitz Online Qual"]
[Site "Europe Echecs INT"]
[Date "2020.05.16"]
[Round "3"]
[White "Lamblain, Nicolas"]
[Black "Henry, Tony"]
[Result "0-1"]
[WhiteElo "1645"]
[BlackElo "1979"]
[PlyCount "84"]
[EventDate "2020.05.16"]
[EventType "swiss (blitz)"]
[EventRounds "15"]
[EventCountry "FRA"]
[SourceTitle "CBM 196 Extra"]
[Source "ChessBase"]
[SourceDate "2020.07.31"]
[SourceVersion "1"]
[SourceVersionDate "2020.07.31"]
[SourceQuality "1"]

1. e4 c5 2. Nf3 Nc6 3. d4 cxd4 4. Nxd4 g6 5. c4 Bg7 6. Be3 Nf6 7. Nc3 Ng4 8. Nxc6 Nxe3 9. Nxd8 Nxd1 10. Rxd1 Kxd8 11. Rd3 d6 12. f4 Kc7 13. b4 Be6 14. Nd5+ Bxd5 15. cxd5 Rac8 16. Be2 Kb8 17. Kd2 Rc4 18. a3 Rxe4 19. g3 Rc4 20. Re1 Rhc8 21. Bg4 f5 22. Bd1 Bc3+ 23. Rxc3 Rxc3 24. Rxe7 Rxa3 25. Rd7 Ra2+ 26. Kd3 Rxh2 27. Rxd6 Kc7 28. Re6 Rd8 29. Bf3 Rh3 30. Kd4 Rxg3 31. Re3 h5 32. Ke5 h4 33. d6+ Rxd6 34. Rc3+ Rc6 35. Rd3 h3 36. b5 Rc5+ 37. Ke6 h2 38. Rd7+ Kb6 39. Rxb7+ Ka5 40. Rxa7+ Kxb5 41. Ra1 Rxf3 42. Kf6 Rh3 0-1

[Event "FRA-chT4 0506"]
[Site "Bretagne"]
[Date "2005.10.16"]
[Round "1"]
[White "Le Noir, Pierre"]
[Black "Lamblain, Nicolas"]
[Result "0-1"]
[WhiteElo "1820"]
[BlackElo "1630"]
[PlyCount "164"]
[EventDate "2005.10.16"]
[EventType "team"]
[EventRounds "7"]
[EventCountry "FRA"]
[SourceTitle "EXT 2007"]
[Source "ChessBase"]
[SourceDate "2006.11.23"]
[SourceVersion "1"]
[SourceVersionDate "2006.11.23"]
[SourceQuality "1"]

1. e4 e5 2. Nf3 Nc6 3. Bb5 a6 4. Ba4 Nf6 5. 0-0 Be7 6. Re1 b5 7. Bb3 0-0 8. c3 d5 9. d3 dxe4 10. dxe4 Qxd1 11. Bxd1 Bd6 12. Bg5 Nd7 13. Nbd2 f6 14. Be3 Ne7 15. Bc2 Bb7 16. Nf1 f5 17. Bg5 f4 18. Nh4 h6 19. Bxe7 Bxe7 20. Nf5 Bf6 21. Rad1 Nc5 22. b4 Ne6 23. Bb3 Rfe8 24. Rd7 Rac8 25. g3 Kh7 26. f3 Bc6 27. Rdd1 g6 28. Nh4 Bxh4 29. gxh4 Nf8 30. h3 Rcd8 31. Kg2 Kg7 32. Nh2 h5 33. Nf1 Kf6 34. Nd2 Rd3 35. Nb1 Red8 36. Bd5 Rxd1 37. Rxd1 Bb7 38. Rd2 Bxd5 39. exd5 Nd7 40. c4 Nb6 41. cxb5 axb5 42. Nc3 c6 43. Ne4+ Ke7 44. dxc6 Rxd2+ 45. Nxd2 Kd6 46. Kf2 Nd5 47. a3 Kxc6 48. Ke2 Ne7 49. Kd3 Kd5 50. Ne4 Kc6 51. Nf6 Nd5 52. Ng8 Kd6 53. Ke4 Ke6 54. Nh6 Nc3+ 55. Kd3 Nb1 56. a4 bxa4 57. b5 a3 58. Kc2 a2 59. Kb2 e4 60. b6 Kd7 61. Nf7 e3 62. Ne5+ Kc8 63. Nd3 e2 64. Kxa2 Nd2 65. Ne1 Kb7 66. Kb2 Kxb6 67. Kc2 Nf1 68. Kd3 Ng3 69. Kd4 Kb5 70. Ke5 Kc4 71. Kxf4 Nf1 72. Kg5 Ne3 73. Kxg6 Kc3 74. f4 Nc2 75. Nf3 Kd3 76. Kxh5 Ke3 77. Kg4 Kf2 78. Ne5 Kf1 79. Nd3 Nb4 80. Ne1 Kxe1 81. h5 Nd5 82. h6 Kf2 0-1